| 000 | 00549nam a2200181Ia 4500 | ||
|---|---|---|---|
| 999 |
_c8081 _d8081 |
||
| 003 | OSt | ||
| 005 | 20200709121657.0 | ||
| 008 | 190216s9999||||xx |||||||||||||| ||und|| | ||
| 020 | _a9788184842784 | ||
| 040 | _coclc | ||
| 082 |
_a305.48697054 _bTAB/S |
||
| 100 |
_aTabasum, Mufti Samiya _93693 |
||
| 245 | 0 |
_aStatus Of Muslim Women In India / _cMufti Samiya Tabasum |
|
| 260 |
_bRegal Publications, _c2013. _aNew Delhi: |
||
| 300 | _a321p | ||
| 650 | _aCommerce | ||
| 942 |
_cBK _2ddc _h305.48697054 _iTAB/S _k305.48697054 _mTAB/S |
||